000 00442nam a2200181Ia 4500
001 4829
005 20260306145823.0
008 260306t2013||||xx |||||||||||||| ||spa||
041 _aESP
082 _a330.9
_bO44
100 _aOlier, Eduardo
_eAUT
245 0 _aGeoeconomía:
_blas claves de la economía global
260 _c2013
300 _axxi, 321 páginas :
_c24 cm.
650 _aGEN
654 _aCAN
942 _cLIB
_dJUS
_fJUS
_2ddc
_n
999 _c4829
_d4829